MADRE DE AMERICA: POESIA/

Gespeichert in:
Bibliographische Detailangaben
1. Verfasser: Verduzco Villarreal, Jerónimo (autor)
Format: Buch
Schlagworte:
Tags: Tag hinzufügen
Keine Tags, Fügen Sie das erste Tag hinzu!

MARC

LEADER 00000nam^a2200000^a^4500
001 000226654
005 20250521000000.0
009 20260310104212.231
035 |a 045694 
037 |a Acervo Xavier Clavigero 
082 |a 861. VER 
100 |a Verduzco Villarreal, Jerónimo,  |e (autor) 
245 1 0 |a MADRE DE AMERICA:  |b POESIA/  |c JERONIMO VERDUZCO, FRAY 
264 |a PUEBLA :  |b JUS,  |c 1972 
300 |a 159p. :  |b il. 
336 |a texto  |b txt  |2 rdacontenido 
337 |a sin mediación  |b n  |2 rdamedio 
338 |a volumen  |b nc  |2 rdasoporte 
649 |a XX 
650 |a Virgen de Guadalupe en la Literatura 
650 |a Poesía Mexicana 
910 |a Fondo General 
920 |a Impresos - Libros 
930 |a Colección General 
940 |a Literatura 
905 |a 101 
901 |a 045694  |b IT1  |c LIT  |i 045694  |u 20250521 
902 |a https://opac.biblio.iteso.mx/vufind/Record/000226654